000 01314nam0a22003971 4500
001 v19\rc\1411392
005 20060512131350.1
035 _a(NLR Aleph) 004539892
090 _a1990930
_c1990930
100 _a20060512d1879 |||y0rusy50 ca
101 0 _arus
102 _aRU
105 _abe z |||||
200 1 _aГвардия русского царя на Софийской дороге 12 октября 1877 г.
_f[Соч.] Е.В.Богдановича
210 _aСанкт-Петербург
_cтип. В. Киршбаума
_d1879
215 _aVIII, 136, 24, [1] с., 3 л. карт., план.
_cплан.
_d25
700 1 _aБогданович
_bЕ. В.
_f1829-1914
_gЕвгений Васильевич
801 0 _aRU
_bNLR
_gpsbo
801 0 _aRU
_bRuMoRGB
_2psbo
801 1 _aRU
_bProSoft-M
_2rusmarc
852 _aNLR
_j18.19.8.29
852 _aNLR
_j810/Б-7/8
899 _aRuMoRGB
_jW 314/47
899 _aRuMoRGB
_jA 119/412
899 _aRuMoRGB
_jПриплет к U 60/676
899 _aRuMoRGB
_jМК
899 _aRuMoRGB
_jΔ 33/61
899 _aRuMoRGB
_jΔ 59/103
899 _aRuMoRGB
_jΔ 151/91
899 _aRuMoRGB
_jΔ 408/90
899 _aRuMoRGB
_jΔм 900/451
899 _aБАН
899 _aНБ СПбГУ
899 _aГПИБ
942 _cBOOK
980 _aNB